Most famous people from Hertfordshire - Statistics

General Stats
  • This quiz has been taken 8 times
  • The average score is 7 of 10
Answer Stats
Hint Answer % Correct
Renown astrophysicist with motor neurone disease Stephen Hawking
100%
English footballer known better for his long stint as England manager Gareth Southgate
86%
Global music icon known as 1/2 of Wham! George Michael
86%
7x Formula One world champion Lewis Hamilton
86%
Jewish comedian known for his roles as 'Ali G' and 'Borat' Sacha Baron Cohen
86%
Spice girls member with an even more famous husband Victoria Beckham
86%
World famous Youtuber known for the Sidemen KSI
57%
Famous ginger actor who starred in Harry Potter Rupert Grint
57%
Legendary British and US TV judge Simon Cowell
57%
2x Unified heavyweight championship boxer Anthony Joshua
43%
No matching quizzes found
Score Distribution
Percent of People with Each Score
Percentile by Number Answered
Your Score History
You have not taken this quiz